Popular Movies of the 60s - Statistics

General Stats
  • This quiz has been taken 130 times
  • The average score is 11 of 22
Answer Stats
Character Movie % Correct
Norman Bates Psycho
91%
Mowgli The Jungle Book
84%
Atticus Finch To Kill a Mockingbird
77%
HAL 9000 2001: A Space Odyssey
74%
The Sundance Kid Butch Cassidy and the Sundance Kid
73%
Romeo Montague Romeo and Juliet
64%
Georg Von Trapp The Sound of Music
64%
Rosemary Woodhouse Rosemary's Baby
61%
Lawrence Lawrence of Arabia
58%
Holly Golightly Breakfast at Tiffany's
54%
Danny Ocean Ocean's Eleven
54%
Eliza Doolittle My Fair Lady
48%
Pussy Galore Goldfinger
47%
Dolly Levi Hello, Dolly!
35%
Cornelius Planet of the Apes
32%
Fanny Brice Funny Girl
31%
George Banks Mary Poppins
31%
Pongo 101 Dalmatians
25%
Max Cady Cape Fear
24%
Ben Braddock The Graduate
20%
Blondie The Good, the Bad and the Ugly
18%
Melanie Daniels The Birds
16%
No matching quizzes found
Score Distribution
Percent of People with Each Score
Percentile by Number Answered
Your Score History
You have not taken this quiz